Titularidad de los derechos sobre la diversidad biológica en áreas terrrestres, marinas y la conservación "Ex-stu" (Registro nro. 12829)

Detalles MARC
000 -CABECERA
Campo de control 006480000a22001810004500
090 ## - CLASIFICACIÓN LOCAL
Colección AR
Consecutivo 03793
041 0# - IDIOMA
Código de idioma para texto/pista de sonido o título separado
100 1# - ASIENTO PRINCIPAL--NOMBRE PERSONAL
Nombre personal Walsh, Juan Rodrigo
245 10 - MENCION DE TITULO
Título Titularidad de los derechos sobre la diversidad biológica en áreas terrrestres, marinas y la conservación "Ex-stu"
500 ## - NOTA GENERAL
Nota general <Colección Recursos Genéticos>
650 14 - ASIENTO SECUNDARIO DE MATERIA - TERMINO TEMATICO
Término temático o nombre geográfico como elemento de entrada Recursos genéticos
650 14 - ASIENTO SECUNDARIO DE MATERIA - TERMINO TEMATICO
Término temático o nombre geográfico como elemento de entrada Derecho ambiental
650 14 - ASIENTO SECUNDARIO DE MATERIA - TERMINO TEMATICO
Término temático o nombre geográfico como elemento de entrada Territorios indígenas
650 14 - ASIENTO SECUNDARIO DE MATERIA - TERMINO TEMATICO
Término temático o nombre geográfico como elemento de entrada Colecciones biológicas
651 #4 - ASIENTO SECUNDARIO DE MATERIA - NOMBRE GEOGRAFICO
-- Argentina
773 1# - Item fuente:
Título http://www.farn.org.ar/docs/p09/publicaciones9-1.html
Paginas del Articulo 1-14
Lugar, editorial y fecha de publicación 1996
942 ## - ELEMENTOS ADICIONALES (KOHA)
Tipo de ítem Artículo
Existencias
Withdrawn status Lost status Damaged status No para préstamo Colección Ubicación Permanente Ubicación actual Fecha de adquisición Fuente de Valor Datos de publicación Seriada Total Checkouts Número topográfico Inventario / Código de Barras Date last seen Price effective from Forma de adquisición Tipo de material
      No para Préstamo Hemeroteca Bogotá Bogotá 27/02/2015 Rincón, Martha Fuera de circulación   AR 03793 017335 25/03/2015 25/03/2015   Artículo